| 000 | 01247nam0a2200325 4500 | ||
|---|---|---|---|
| 001 | RU\NLR\BIBL_A\011840216 | ||
| 005 | 20181109111442.0 | ||
| 010 |
_a978-5-17-104418-3 _93000 |
||
| 021 |
_aRU _bКН-П-18-072082 _9КН-П-18-5201 |
||
| 035 | _a(NLR Aleph) 011840216 | ||
| 035 | _a(RuMoRGB)009755272 | ||
| 090 |
_a12051705 _c12051705 |
||
| 100 | _a20181025d2018 u y0rusy50 ca | ||
| 101 | 1 |
_arus _ceng |
|
| 102 | _aRU | ||
| 105 | _aa|||z|||000ay | ||
| 200 | 1 |
_aДракула _e[роман] _fБрэм Стокер _g[перевод с английского Татьяны Красавченко] |
|
| 210 |
_aМосква _cАСТ _d2018 |
||
| 215 |
_a510, [1] с. _cил. _d18 |
||
| 225 | 1 | _aМастера магического реализма | |
| 225 | 1 | _aСерия "Мастера магического реализма (покет)" | |
| 333 | _a16+ | ||
| 686 | 1 | _aШ6(4Вл)57-440.4{Лх1297-50} | |
| 700 | 1 |
_aСтокер _bБ. _f1847-1912 _gБрэм _3RU\NLR\auth\7712521 |
|
| 942 | _cBOOK | ||
| 980 | _aNBR | ||
| 980 | _aNB | ||